000 00644npc a2200217Ia 4500
001 te18-47793
003 IT-MiCISF
008 161014s9999||||xx | und||
040 _aIT-MiCISF
_cIT-MiCISF
041 _ait
100 _aPesaresi Franco
245 0 _aSostenere la domiciliarità
_bAssistere e curare a casa
250 _a1a ed.
260 _a Moie di Maiolati (AN)
_bGruppo Solidarietà
_c2009
300 _app. 111
500 _aPerino M., Chianale M.P., Ragaini F. / servizi-anziani, cure-a-domicilio, territorio /
650 _aservizi-alla-persona
700 _aAA.VV.
942 _cDD
957 _71
999 _a47793
_bsi
_g1
_c205854
_d205854